000 00772nam a2200241Ia 4500
003 OSt
005 20220927105335.0
006 a|||||r|||| 00| 0
007 ta
008 220926b |||||||| |||| 00| 0 eng d
024 _a190569
037 _cReference Collections
040 _aRTL
_cRTL
_beng
041 _2eng
_aeng
082 _a"T.1.N6, K9"
100 _aPOIGNANT Raymond
_9371801
245 0 _a"Education and development in Western Europe, the United States and the U.S.S.R."
_b A comparative study
260 _aColumbia
_bTeachers College Press
_c1969
300 _a"xii, 329p"
_ccm.
490 _aComparative Education Studies
942 _h"T.1.N6, K9"
_cCC
999 _c691971
_d691971